Statistics for States Where Most People Live in the Same County

Click here to take the quiz!

General Stats

  • This quiz has been taken 32 times
  • The average score is 3 of 5

Answer Stats

CountyPopulation% of State TotalState% Correct
Honolulu1,016,50869.85%Hawaii
68%
Clark2,265,46172.97%Nevada
64%
Maricopa4,420,58661.81%Arizona
57%
Providence660,74161.21%Rhode Island
57%
New Castle570,71957.65%Delaware
46%

Score Distribution

Percentile by Number Answered

Percent of People with Each Score

Your Score History

You have not taken this quiz